00341nam a2200145Ia 45000030006000000080041000060400015000471000017000622450047000792500006001262600030001323000006001625460010001680050017001780STCL150530s9999 xx 000 0 und d aSTCLcSTCL aShinde, M.D. aHindi Upanyason Mein Chitrit Veshya Jeevan a1 bAnnapoorna ; Kanpurc2005 a0 aHindi20220125171259.0